[Event "Reykjavik"]
[Site "Reykjavik"]
[Date "1989.??.??"]
[Round "?"]
[White "Balashov, Yuri S"]
[Black "Arnason, Jon Loftur"]
[Result "1-0"]
[WhiteElo "2530"]
[BlackElo "2550"]
[Annotator "ChessBase"]
[PlyCount "121"]
[EventDate "1989.02.??"]
[EventType "tourn"]
[EventRounds "13"]
[EventCountry "ISL"]
[EventCategory "9"]
[SourceTitle "CBM 013"]
[Source "ChessBase"]
[SourceDate "1989.12.01"]
[SourceVersion "1"]
[SourceVersionDate "1989.12.01"]
[SourceQuality "1"]

1. e4 c5 2. Nc3 d6 3. g3 Nc6 4. Bg2 g6 5. d3 Bg7 6. f4 e6 7. Nf3 Nge7 8. O-O
O-O 9. Be3 Nd4 10. e5 $5 {-> CBM 9/S.41} Nef5 $6 (10... Qb6 $1 11. Ne4 Nef5 12.
Bf2 Qxb2 {Spassky,B-Horvath,J/Rotterdam EU-Cup f/1988/24/1/2-1/2/}) 11. Bf2
Nxf3+ 12. Qxf3 Nd4 (12... Rb8 $5 13. Ne4 b6 14. g4 Bb7 15. Qh3 $1 Bxe4 16. dxe4
Nd4 17. Bh4 f6 $13 (17... Ne2+ $2 18. Kh1 Nxf4 $1 19. Bxd8 Nxh3 20. Be7 Bxe5
21. Bxf8 Kxf8 22. Bxh3 $18 {Petursson,M-Thorhallsson,T/Reykjavik/1989/1-0/ ->
CBM 13})) 13. Qd1 f5 $6 {N} (13... dxe5 14. fxe5 Bxe5 15. Ne4 $14 {-> CBM 9/S.
41}) 14. exf6 Qxf6 15. Ne4 Qe7 16. c3 Nc6 17. Qd2 e5 18. Rae1 Bf5 19. fxe5 Nxe5
20. d4 $1 cxd4 21. Bxd4 Kh8 22. Ng5 a6 23. Bd5 h6 24. Nf3 g5 25. Qe3 Bh3 26.
Rf2 Nxf3+ 27. Bxf3 Qxe3 28. Bxe3 Rab8 29. Bb6 Rfe8 30. Rxe8+ Rxe8 31. Re2 Rxe2
32. Bxe2 Be6 33. Bf3 Bxa2 34. Bxb7 Bc4 35. Kf2 Be5 36. Ke3 Kg7 37. Bd4 Kf6 38.
b4 h5 39. Ke4 Ke6 40. Bc8+ Kf6 41. h4 d5+ 42. Ke3 gxh4 43. gxh4 Bf1 44. Kd2 Bb5
45. Bh3 Be8 46. Ke3 Bc6 47. Bf1 Bb5 48. Bg2 Ke6 49. Bxe5 Kxe5 50. Bf3 Be8 51.
Be2 Bg6 52. Bxa6 Be8 53. Be2 Bf7 54. b5 Be8 55. b6 Kd6 56. Kf4 Bf7 57. Bb5 Bg6
58. Kg5 Bf7 59. Kf6 Bg8 60. Kg6 Be6 61. Kxh5 1-0

[Event "Hradec Kralove op"]
[Site "Hradec Kralove"]
[Date "1994.??.??"]
[Round "9"]
[White "Kucera, Petr"]
[Black "Slezka, Vojtech"]
[Result "1/2-1/2"]
[WhiteElo "2345"]
[BlackElo "2370"]
[Annotator "ChessBase"]
[PlyCount "88"]
[EventDate "1994.??.??"]
[EventType "swiss"]
[EventRounds "9"]
[EventCountry "CZE"]
[SourceTitle "EXT 1999"]
[Source "ChessBase"]
[SourceDate "1998.11.16"]
[SourceVersion "1"]
[SourceVersionDate "1998.11.16"]
[SourceQuality "1"]

1. e4 c5 2. Nc3 Nc6 3. g3 g6 4. Bg2 Bg7 5. d3 d6 6. f4 e6 7. Nf3 Nge7 8. O-O
O-O 9. Be3 b6 10. d4 cxd4 11. Nxd4 Ba6 12. Re1 Rc8 13. Ndb5 d5 14. exd5 Nxd5 $1
15. Nxd5 Bxb5 16. Nc3 Bc4 17. Qxd8 Rfxd8 18. a3 h5 19. Bxc6 Rxc6 20. Rad1 Rcd6
21. Rxd6 Rxd6 22. Rd1 $6 (22. Kf2) 22... Rxd1+ 23. Nxd1 Kf8 24. c3 Be2 25. Nf2
Ke7 26. Ne4 Bd3 27. Ng5 f6 28. Nf3 Kd6 29. a4 Kd5 30. Nd2 e5 31. fxe5 fxe5 32.
Kf2 Bf8 33. a5 bxa5 34. Bxa7 a4 35. Ke3 Bc2 36. Ke2 Bg7 37. Be3 Bf6 38. Nf1 e4
39. Nd2 Be5 40. Bg5 Ke6 41. Be3 h4 42. Kf2 Kf5 $2 (42... Bd3 $19) 43. Nc4 Bc7
44. Bc5 hxg3+ 1/2-1/2

[Event "YUG-ch"]
[Site "Yugoslavia"]
[Date "1989.??.??"]
[Round "?"]
[White "Abramovic, Bosko"]
[Black "Damljanovic, Branko"]
[Result "0-1"]
[WhiteElo "2485"]
[BlackElo "2530"]
[Annotator "ChessBase"]
[PlyCount "70"]
[EventDate "1989.02.??"]
[EventType "tourn"]
[EventRounds "17"]
[EventCountry "YUG"]
[SourceTitle "CBM 013"]
[Source "ChessBase"]
[SourceDate "1989.12.01"]
[SourceVersion "1"]
[SourceVersionDate "1989.12.01"]
[SourceQuality "1"]

1. e4 c5 2. Nc3 Nc6 3. g3 g6 4. Bg2 Bg7 5. d3 e6 6. f4 Nge7 7. Nf3 d6 8. O-O
O-O 9. Be3 b6 (9... Nd4 $5 10. e5 Qb6) 10. d4 Ba6 11. Rf2 Qc7 12. a4 Rad8 13.
Nb5 Bxb5 14. axb5 Nxd4 15. Nxd4 cxd4 16. Bxd4 e5 17. Bc3 d5 {N} (17... exf4 18.
gxf4 Bxc3 19. bxc3 d5 $15 {Kovacevic-Paunovic,D/JUG-sf/1989/}) 18. exd5 exf4
19. Bxg7 fxg3 20. hxg3 Kxg7 21. Qd4+ Kg8 22. g4 $1 $13 Nc8 23. c4 Nd6 24. b3
Qe7 25. b4 Rc8 26. Rc2 $2 {>= 26.Bf1} Nxb5 27. Qd2 Qf6 $1 28. Rac1 (28. Rf1
Qd4+ $1) 28... Nd4 29. Qc3 Rce8 30. c5 Qf4 31. Rd2 Ne2+ 32. Rxe2 Rxe2 33. Rf1
Qxg4 34. Rf2 Rxf2 35. Kxf2 Re8 0-1

[Event "YUG-ch"]
[Site "Yugoslavia"]
[Date "1989.??.??"]
[Round "?"]
[White "Abramovic, Bosko"]
[Black "Cebalo, Miso"]
[Result "0-1"]
[WhiteElo "2485"]
[BlackElo "2505"]
[Annotator "ChessBase"]
[PlyCount "52"]
[EventDate "1989.02.??"]
[EventType "tourn"]
[EventRounds "17"]
[EventCountry "YUG"]
[SourceTitle "CBM 013"]
[Source "ChessBase"]
[SourceDate "1989.12.01"]
[SourceVersion "1"]
[SourceVersionDate "1989.12.01"]
[SourceQuality "1"]

1. e4 c5 2. Nc3 Nc6 3. g3 g6 4. Bg2 Bg7 5. d3 d6 6. f4 e6 7. Nf3 Nge7 8. O-O
O-O 9. Be3 Nd4 10. e5 $5 Qb6 $1 11. Rb1 $2 (11. Ne4 $1 Nef5 12. Bf2 Qxb2 13.
Nxd4 cxd4 14. g4 Ne3 $10 {Spassky,B-Horvath,J/Rotterdam EU-Cup f/1988/1/2-1/2/
24/}) 11... Nef5 12. Bf2 Nxf3+ 13. Bxf3 (13. Qxf3 dxe5 14. Na4 Qc7 15. fxe5
Bxe5 16. Bxc5 Bd7 17. Bxf8 Rxf8 18. Nc3 Bd4+ 19. Kh1 Ne3 20. Qe4 Qb6 $19 {
Bastian,H-Mueller,O/BL 88\89/0-1/26/}) 13... dxe5 14. fxe5 Bxe5 15. Na4 Qc7 16.
Bxc5 $2 (16. Nxc5 Nd4 $17) 16... Bd7 $1 17. Bxf8 Rxf8 18. Nc3 Ne3 $17 19. Qd2
Nxf1 20. Kxf1 Rc8 21. Bd1 Qa5 22. d4 Bg7 23. a3 Rc4 24. d5 exd5 25. Qxd5 Bh3+
26. Ke1 Bxc3+ 0-1

[Event "Nikolaev zt"]
[Site "Nikolaev"]
[Date "1995.??.??"]
[Round "6"]
[White "Bologan, Viktor"]
[Black "Brodsky, Michail"]
[Result "1-0"]
[WhiteElo "2540"]
[BlackElo "2535"]
[Annotator "Dolmatov,S"]
[PlyCount "81"]
[EventDate "1995.03.??"]
[EventType "swiss"]
[EventRounds "11"]
[EventCountry "UKR"]
[SourceTitle "CBM 047"]
[Source "ChessBase"]
[SourceDate "1995.08.01"]
[SourceVersion "1"]
[SourceVersionDate "1995.08.01"]
[SourceQuality "1"]

1. e4 c5 2. Nf3 Nc6 3. d3 g6 4. g3 Bg7 5. Bg2 d6 (5... e5 6. Nc3 Nge7 7. Be3 d6
8. Qd2 Nd4 $10) 6. O-O e5 7. Nc3 Nge7 8. Nd2 O-O 9. Nc4 Be6 10. a4 Qd7 11. Bd2
f5 12. Nd5 Kh8 (12... h6 $5 13. c3 g5 14. f4 gxf4 15. gxf4 exf4 16. Bxf4 Ng6
$132) (12... Nd8 13. Ncb6 $6 axb6 14. Nxb6 Qc6 15. Nxa8 Nf7 16. exf5 Bd5 17.
Bxd5 Nxd5) 13. c3 Bg8 14. f4 Rae8 $2 (14... Nxd5 $32 15. exd5 Ne7 16. fxe5 dxe5
17. Re1 Bxd5 18. Nxe5 Bxe5 19. Rxe5 Bxg2 20. Kxg2 Nc6 21. Rxc5 Qxd3 $10) 15. a5
$1 Nxd5 16. exd5 Ne7 17. Qa4 Qxa4 18. Rxa4 Rd8 $2 (18... Nxd5 $5 19. Nxd6 Re7
20. c4 Rd8 $1) 19. fxe5 dxe5 20. Be3 Bxd5 (20... Nxd5 21. Bxc5 Rf7 22. Bxa7 $16
) 21. Bxc5 Bxg2 22. Kxg2 Bf6 23. Nxe5 $16 Rd5 24. Bxe7 (24. d4 $2 Rxc5 25. dxc5
Bxe5) 24... Bxe7 25. d4 $16 Bd6 26. Nf3 Rb5 27. b4 Rc8 28. Ra3 b6 29. a6 f4 30.
g4 (30. Re1 $6 fxg3 31. hxg3 Rf5 32. Re3 $14) 30... h5 31. h3 hxg4 32. hxg4 Kg7
(32... Re8 33. Re1 $16) 33. Re1 Kf7 34. Nd2 Rh8 35. Ne4 Be7 36. Raa1 Rh4 37.
Rh1 Rd5 (37... Rxg4+ $2 38. Kf3 Rh4 39. Rxh4 Bxh4 40. Nd6+ $18) 38. Rxh4 Bxh4
39. Rh1 g5 40. Rd1 b5 41. Ra1 1-0

[Event "Moscow-4teams"]
[Site "Moscow"]
[Date "1981.02.27"]
[Round "5.8"]
[White "Suetin, Alexey S"]
[Black "Chiburdanidze, Maia"]
[Result "1-0"]
[WhiteElo "2460"]
[BlackElo "2425"]
[Annotator "Dolmatov,S"]
[PlyCount "57"]
[EventDate "1981.02.22"]
[EventType "team"]
[EventRounds "6"]
[EventCountry "URS"]
[SourceTitle "MCL"]
[Source "ChessBase"]
[SourceDate "1999.07.01"]
[SourceVersion "1"]
[SourceVersionDate "1999.07.01"]
[SourceQuality "1"]
[WhiteTeam "Soviet Union Seniors"]
[BlackTeam "Soviet Union U26"]
[WhiteTeamCountry "URS"]
[BlackTeamCountry "URS"]

1. e4 c5 2. Nc3 d6 3. Nge2 Nf6 4. g3 Nc6 5. Bg2 g6 6. O-O Bg7 7. d3 O-O 8. f4
e6 $6 (8... Rb8 9. h3 Bd7 10. g4 b5 $132) 9. h3 d5 $6 10. e5 Nd7 11. d4 b6 $2 (
11... f6 $5 12. exf6 Qxf6 13. dxc5 Nxc5 14. Be3 $2 d4) 12. a4 $14 Ba6 (12... f6
$2 13. Nxd5 $16) 13. Nb5 Rc8 (13... f6 14. c3 $16) 14. c3 f5 15. Be3 $16 c4 $6
(15... cxd4 $1 16. cxd4 Bxb5 17. axb5 Na5 18. b3 Qc7 $16) 16. Nd6 Rb8 17. g4
Na5 (17... Ne7 18. Ng3 Nc8 $16) 18. gxf5 gxf5 19. Ng3 Bb7 $6 (19... Nb7 $1 20.
Ngxf5 exf5 21. Bxd5+ Kh8 22. Nf7+ Rxf7 23. Bxf7 Qe7 24. Bd5 $16 (24. Qh5 $2 Nf6
)) 20. Nh5 Ba8 21. Qe1 $18 Nb7 22. Qg3 Qe7 23. Nb5 a5 24. Kh2 Kh8 (24... Rf7 $5
) 25. Qxg7+ Qxg7 26. Nxg7 Kxg7 27. Rg1 Kh8 28. Bf3 Rg8 29. Bh5 1-0

[Event "Dresden zt 1.2"]
[Site "Dresden"]
[Date "1998.05.03"]
[Round "6"]
[White "Baumegger, Siegfried"]
[Black "Rogulj, Branko"]
[Result "0-1"]
[WhiteElo "2495"]
[BlackElo "2430"]
[Annotator "Donev,I"]
[PlyCount "106"]
[EventDate "1998.04.28"]
[EventType "swiss"]
[EventRounds "11"]
[EventCountry "GER"]
[SourceTitle "CBM 065"]
[Source "ChessBase"]
[SourceDate "1998.08.06"]
[SourceVersion "1"]
[SourceVersionDate "1998.08.06"]
[SourceQuality "1"]

1. Nf3 {Hecht} Nf6 2. g3 g6 3. Bg2 Bg7 4. O-O O-O 5. d3 c5 6. e4 Nc6 7. Nc3 d6
8. Re1 Bg4 9. h3 Bxf3 10. Bxf3 Rb8 11. a4 a6 12. Bg2 b5 13. axb5 axb5 14. Nd5
b4 15. Ra6 Nd4 16. Bg5 $1 $14 {Weiß muß zufrieden mit der Eröffnung sein.
Seine Figuren sind harmonisch und aggressiv entwickelt.} Ne6 17. Bxf6 Bxf6 18.
Nxf6+ exf6 {Jetzt sind der Bauer d6 und das Feld d5 schwach.} 19. Qd2 Ra8 20.
Rea1 Rxa6 21. Rxa6 Qc7 22. c3 Rb8 23. h4 bxc3 $6 (23... Rb6 $142 24. Ra8+ Rb8
$11) 24. bxc3 h5 25. Bh3 Ng7 26. Qa2 $1 {[%cal Ya2f7,Ya2a6] Hier steht die
weiße Dame perfekt. Sie kontrolliert gleichzeitig die Diagonale a2-g8, als
auch die a-Linie. Außerdem vermeidet sie das eindringen des schwarze Turmes im
weißem Lager.} Rb6 27. Ra8+ Rb8 28. Bd7 $1 {[%cal Yd7c6,Yc6d5,Yd5f7] Weiß will
seinen Läufer auf dem ausgezeichnete d5 Feld aktivieren um den Druck gegen den
schwachen f7 Bauern zu üben.} (28. d4 $5) 28... Qb7 29. Rxb8+ ({Ich denke ,
daß es für Weiß günstiger ist, die Damen anstatt der Türme zu tauschen. So
wird der weiße Vorteil noch größer.} 29. Ra7 $1 Qb1+ 30. Qxb1 Rxb1+ 31. Kg2 $16
) 29... Qxb8 30. Bc6 f5 31. Bd5 Qe8 32. Qa6 Qe7 33. Qc8+ Kh7 34. Qb7 (34. Kg2
fxe4 35. dxe4 $14) 34... Qxb7 35. Bxb7 fxe4 36. dxe4 Ne8 37. Kf1 Kg7 38. Ke2
Kf6 39. Kd3 Ke7 40. f3 (40. Kc4 Nf6 41. f3 Kd7 42. Bd5 Ke7 43. Kb5 {/\Kc6})
40... Nf6 41. Bc8 (41. Kc4 Nd7 42. f4 $14) 41... d5 $1 42. exd5 Nxd5 43. Bb7
Kd6 44. c4 Ne7 45. Be4 (45. Ke4 Nf5 46. Kf4 Nd4 47. g4 $14) 45... Ke5 46. Ke3
$2 {Hecht} (46. f4+ $142 Ke6 47. Ke3 Nf5+ 48. Kf3 (48. Bxf5+ {Hecht} Kxf5 49.
Kf3 f6 50. Ke3 Kg4 51. Kf2 Kh3 52. Kf3 f5 53. Kf2 Kh2 54. Kf3 Kg1 $19 {
Encirclement! Umgehung!}) (48. Kf2 Nd6 49. Bd3 $11 (49. Bd5+ Kf6 50. Ke3 $14)))
46... Nf5+ $1 {[%cal Yf5e3,Yf5g3]} 47. Bxf5 (47. Kf2 Nd6 48. Bd5 Kd4 $17) 47...
Kxf5 48. Kd3 f6 49. Ke3 g5 $1 $19 50. Ke2 (50. hxg5 fxg5 $19 {[%cal Yh5h4]
Wegen dem entfernten Freibauer muß Schwarz locker gewinnen.} (50... fxg5 {
[%csl Rc4][%cal Rh5h4] Hecht Outside passed pawn. entfernter Freibauer} 51. Kf2
Ke5 52. Ke3 h4 53. f4+ gxf4+ 54. gxf4+ Kf5 55. Kf3 h3 56. Kg3 h2 $19) (50...
Kxg5 51. Ke4)) 50... gxh4 51. gxh4 Kf4 52. Kf2 f5 53. Ke2 Kg3 {Eine lehrreiche
Partie. Fast die ganze Zeit stand Weiß besser. Nur im Endspiel hat der
Anziehende einen Fehler gemacht , der die ganze Partie kostet!} 0-1

[Event "Chalapathi GM"]
[Site "Guntur"]
[Date "2000.04.04"]
[Round "2"]
[White "Saravanan, Venkat"]
[Black "Thipsay, Praveen Mahadeo"]
[Result "1-0"]
[WhiteElo "2412"]
[BlackElo "2475"]
[Annotator "Donev,I"]
[PlyCount "67"]
[EventDate "2000.04.03"]
[EventType "tourn"]
[EventRounds "13"]
[EventCountry "IND"]
[EventCategory "10"]
[SourceTitle "CBM 077"]
[Source "ChessBase"]
[SourceDate "2000.07.27"]
[SourceVersion "1"]
[SourceVersionDate "2000.07.27"]
[SourceQuality "1"]

1. e4 c5 2. Nc3 Nc6 3. g3 g6 4. Bg2 Bg7 5. d3 d6 6. f4 e5 7. Nh3 Nge7 8. O-O
O-O ({Ich glaube, dass der Nachziehende hier den weißen Vorstoß f4-f5
vermeiden muss.  Ein unbekanntes Beispiel aus meiner eigenen Praxis:} 8... exf4
$142 9. Bxf4 O-O 10. Qd2 Ne5 11. Bh6 Rb8 12. Bxg7 Kxg7 13. Nf4 b5 14. a3 a5 15.
a4 b4 16. Ncd5 Nxd5 17. Nxd5 f6 18. b3 Be6 19. Nf4 Qe7 20. h3 Rbe8 21. Rf2 Bg8
22. Raf1 {1/2-1/2 Donev,I-Danner,G/Feldkirch (op) 1995/[Donev,I] (43)}) 9. f5
$1 f6 ({Wie die Praxis gezeigt hat, bekommt der Anziehende nach 9... gxf5 sehr
starken Angriff.} 9... gxf5 10. exf5 Bxf5 11. Rxf5 Nxf5 12. Be4 Nh6 13. Qh5 d5
14. Nxd5 f5 15. Bxh6 fxe4 16. Bxg7 Kxg7 17. Ng5 Qxd5 18. Qxh7+ Kf6 19. h4 Nd4
20. Rf1+ Nf3+ 21. Kg2 Rh8 22. Nxe4+ Ke6 23. Qg6+ Ke7 24. Rxf3 Rhf8 25. Qg5+ Ke6
26. c4 {1-0 Krapivin,V-Morozov,D/Pskov 1998/EXT 2000 (26)}) 10. g4 Nd4 11. Be3
({Hier noch ein unbekanntes Beispiel aus meiner eigenen Praxis:} 11. fxg6 Nxg6
$6 12. Nd5 Be6 13. c3 Nc6 14. Ne3 Bh6 15. Nf5 Bxc1 16. Qxc1 Qd7 17. Qh6 Kh8 18.
Rf3 Rg8 19. g5 fxg5 20. Nxg5 $16 {1-0 Donev,I-Zahariev,Z/Kovachevci (Bulgarien)
1983 (57)}) 11... Bd7 (11... Rb8 12. Qd2 b6 13. Rf2 Bb7 14. Raf1 d5 15. Bxd4
cxd4 16. Nxd5 Nxd5 17. exd5 g5 18. Re2 Rf7 19. Qb4 Bxd5 20. Bxd5 Qxd5 21. Qb3
Qxb3 22. axb3 Rc8 23. Nf2 $16 {1-0 Hug,W-Birnboim,N/Caracas 1976/EXT 2000 (67)}
) 12. Nf2 Bc6 (12... Rc8 13. Nb1 Rf7 14. c3 Nb5 15. Nd2 gxf5 16. gxf5 d5 17.
Ng4 d4 18. cxd4 Nxd4 19. Nc4 Rc6 20. Nh6+ Bxh6 21. Bxh6 $11 {1/2-1/2 Sale,
S-Ljubicic,F/Makarska 1994/EXT 97 (67)}) 13. Ne2 d5 {Der Nachziehende versucht
das Zentrum zu öffnen. Auf der anderen Seite will der Weiße das Zentrum
geschlossen zu halten, um einen Angriff am Königsflügel zu organisieren.} 14.
Ng3 b6 15. h4 dxe4 16. Nfxe4 {Im Zentrum ist der weiße Springer ausgezeichnet
platziert!} gxf5 17. gxf5 Nd5 18. Bd2 {Weiß droht c3, sowie Nh5 nebst Qg4. Mit
folgendem Bauernopfer versucht der Nachziehende die Lage seines schlecht
stehenden Bg7 zu verbessern.} Nf4 19. Bxf4 exf4 20. Rxf4 Bh6 21. Rg4+ Kh8 22.
c3 Nb5 (22... Ne6 23. fxe6 f5 24. Nxf5 Rxf5 25. Qe2 $18) 23. Qe2 Qe7 24. Nf2 {
[%cal Ye2e7,Yg2c6] Für Weiß ist jeder Figurabtausch günstig, weil der
Bauernvorteil im Endspiel entscheidend wird.} Qxe2 25. Nxe2 Bxg2 26. Kxg2 Rad8
27. Ng3 Be3 {Es droht Bf2 nebst Rd3.} 28. Rd1 Nd6 (28... Bxf2 $142 29. Kxf2
Rfe8 $16) 29. Ra4 a5 $2 {[%mdl 8192] Nach diesem Fehler wird der Nachziehende
seinen Läufer verlieren.} (29... Rg8 $142 30. Kf3 ({Selbstverständlich geht} 
30. Rxa7 {nicht wegen} Bf4 $19) 30... Bxf2 31. Kxf2 Rd7 $16) 30. Ng4 $1 Rde8
31. Kf3 {Jetzt ist alles entschieden. Der schwarze Läufer ist im Zentrum
gefangen!} Nf7 (31... Rg8 32. Nxf6 Rxg3+ 33. Kxg3 Nxf5+) 32. Nxe3 Ne5+ 33. Kf2
Rg8 34. Re4 1-0

[Event "Petrov Memorial op"]
[Site "St Petersburg"]
[Date "2000.02.13"]
[Round "6"]
[White "Novitzkij, Dmitrij"]
[Black "Kalugin, Sergey V"]
[Result "1-0"]
[WhiteElo "2328"]
[BlackElo "2497"]
[Annotator "Donev,I"]
[PlyCount "57"]
[EventDate "2000.02.05"]
[EventType "swiss"]
[EventRounds "9"]
[EventCountry "RUS"]
[SourceTitle "CBM 076"]
[Source "ChessBase"]
[SourceDate "2000.05.31"]
[SourceVersion "1"]
[SourceVersionDate "2000.05.31"]
[SourceQuality "1"]

1. e4 c5 2. Nc3 Nc6 3. g3 g6 4. Bg2 Bg7 5. d3 Rb8 6. f4 e6 7. Nf3 Nge7 8. Be3
d6 9. O-O Nd4 10. e5 Nef5 11. Bf2 Nxf3+ 12. Qxf3 dxe5 13. Bxc5 $1 {[%cal Yc5f8]
Dieser Zug ist besser als 13.fxe5, weil jetzt der schwarze Monarch im Zentrum
bleiben muss.} b6 {Ein Versuch die schwarze Spiel zu verbessern. Jetzt ist mit
Tempo die große Diagonale a8-h1 für den schwarze Damenläufer geräumt.} (13...
exf4 14. Qxf4 Bd4+ 15. Kh1 Bxc5 16. Qxb8 h5 17. Ne4 $18 {1-0 Golubovic,
B-Trojacek,O/Hradec Kralove 1992/EXT 97 (52)}) 14. Ba3 exf4 15. Ne4 Be5 16. c3
(16. gxf4 Bd4+ 17. Kh1 Bb7 18. c3 $11) 16... Bb7 17. Rae1 $6 (17. gxf4 $142 Bg7
$11) 17... fxg3 18. hxg3 h5 $1 {Vermeidet g3-g4.} 19. Qd1 a6 20. d4 Bxe4 21.
Bxe4 Bd6 22. Bxf5 gxf5 23. Rxf5 Bxg3 24. Re3 $2 (24. Re4 $142 {/\Rh5}) 24...
Qh4 $2 {[%mdl 8192]} ({Hier konnte Schwarz sofort gewinnen:} 24... Bf4 $1 {
[%cal Yf4e3,Yd8h4]} 25. Re4 (25. Rxf4 Qg5+ 26. Kh1 Qxf4 $19) 25... Qh4 $19 {
/\Rg8. Der schwarze Angriff ist entscheiden.} 26. Qf3 Rg8+ 27. Kf1 Qh2) 25. Qf3
$1 $16 Rg8 26. Kf1 Bh2 27. Ke2 Rg1 $2 (27... Qg4 $142 28. Rxf7 Qxf3+ 29. Rexf3
$18 {/\Rh7}) 28. Rxe6+ $1 {[%mdl 192]} fxe6 29. Qc6+ {nebst Rf8#} 1-0

[Event "Dornbirn op"]
[Site "Dornbirn"]
[Date "1990.??.??"]
[Round "?"]
[White "Donev, Ivo Hristov"]
[Black "Gschnitzer, Oswald"]
[Result "1/2-1/2"]
[WhiteElo "2385"]
[BlackElo "2420"]
[Annotator "Donev,I"]
[PlyCount "38"]
[EventDate "1990.??.??"]
[EventType "swiss"]
[EventRounds "9"]
[EventCountry "AUT"]
[SourceTitle "EXT 1997"]
[Source "ChessBase"]
[SourceDate "1996.11.15"]
[SourceVersion "1"]
[SourceVersionDate "1996.11.15"]
[SourceQuality "1"]

1. e4 c5 2. Nc3 Nc6 3. g3 g6 4. Bg2 Bg7 5. d3 d6 6. f4 e6 7. Nf3 Nge7 8. O-O
O-O 9. Be3 Nd4 10. e5 Qb6 11. Rb1 Nef5 12. Bf2 Nxf3+ 13. Bxf3 dxe5 14. fxe5
Bxe5 15. Na4 $6 (15. Ne4 $1 Bd4 16. Qe2 Bxf2+ 17. Qxf2 c4 18. dxc4 Qxf2+ 19.
Rxf2 Rd8 20. c5 h5 21. Nd6 $1 Nxd6 22. Rd1 Rb8 23. Rfd2 Kf8 24. b4 Bd7 25. Rxd6
$16 {Balashov-Stohl Albena 1989}) 15... Qc7 16. Nxc5 Nd4 $1 $15 17. b4 Rb8 18.
Bg2 b6 19. Nb3 Nb5 1/2-1/2

[Event "RUS-Cup03 Geller Memorial"]
[Site "Moscow"]
[Date "1999.02.13"]
[Round "4"]
[White "Balashov, Yuri S"]
[Black "Filipenko, Alexander V"]
[Result "1/2-1/2"]
[WhiteElo "2578"]
[BlackElo "2360"]
[Annotator "Donev,I"]
[PlyCount "54"]
[EventDate "1999.02.10"]
[EventType "swiss"]
[EventRounds "9"]
[EventCountry "RUS"]
[SourceTitle "CBM 070"]
[Source "ChessBase"]
[SourceDate "1999.06.08"]
[SourceVersion "1"]
[SourceVersionDate "1999.06.08"]
[SourceQuality "1"]

1. e4 c5 2. Nc3 d6 3. g3 Nf6 4. Bg2 Nc6 5. d3 g6 6. f4 Bg7 7. Nf3 O-O 8. O-O
Rb8 9. h3 b5 10. a3 Ne8 11. g4 a5 12. f5 b4 13. axb4 axb4 14. Ne2 {Hier
kontrolliert der Ne2 den wichtigen zentralen Punkt d4 und in einigen Varianten
kann er am Königsflügel den weißen Königsangriff verstärken. Ich habe selber
diese Stellung in meiner Praxis gegen den Österreichischen IM Markus Wach
gehabt, wo er in Zeitnot nicht genau spielte und schließlich in einem
tödlichen Königsangriff verloren hat.} Nc7 (14... e6 15. Bg5 Qb6 16. fxe6 fxe6
17. Qc1 Ba6 18. Be3 b3 19. c4 Nb4 20. Qd2 Nc2 21. Rab1 Nxe3 22. Qxe3 Nc7 23. e5
d5 24. Rbc1 Qb4 25. Nd2 d4 26. Qg5 h6 27. Qxg6 Qxd2 28. Be4 Qe3+ 29. Kh1 Rf2 $2
30. Rxf2 Qxf2 31. Ng3 $1 $18 Bb7 (31... Qxg3 32. Qh7+ Kf7 33. Rf1+ {nebst
baldigem Matt.}) 32. Qh7+ Kf7 33. Rf1 Bxe4+ 34. Qxe4 Qxf1+ 35. Nxf1 Ra8 36. Qb7
Bxe5 37. Kg2 Ra1 38. Nd2 Re1 39. Nf3 Re2+ 40. Kf1 Rxb2 41. Nxe5+ Kf6 42. Qxc7
Rc2 43. Qd8+ Kxe5 44. Qb8+ Kf6 45. Qxb3 Rh2 46. Qb8 {1-0 Donev,I-Wach,M/
AUT-chT 1994/TD (46)}) 15. Qe1 Nb5 16. Qh4 Nbd4 17. Nexd4 Nxd4 18. Bh6 $5 $146
{Ich denke, dass dieser Zug ganz logisch ist. Der Läufer wird mit Tempo auf
den Königsflügel geführt, um den einzigen Verteidiger des schwarzen Königs
abzutauschen.} (18. Nxd4 cxd4 19. b3 Qc7 20. Ra2 Re8 21. Bg5 Rb5 22. Qf2 e6 23.
Qg3 Rc5 24. Rf2 Bd7 25. h4 Rc8 26. h5 Be5 27. Qh4 exf5 28. gxf5 gxf5 29. Bh3 f4
30. Bxd7 Qxd7 31. Rg2 f5 32. Bxf4+ Kf8 33. Bxe5 dxe5 34. Ra6 R5c6 35. Rxc6 Rxc6
36. Qg5 Kf7 37. exf5 Qe7 38. Qg8+ Kf6 39. Qh8+ Kxf5 40. Rf2+ Kg4 41. Qg8+ {
1-0 Van Mil,J-Tjiam,D/BEL 1997/EXT 98 (41)}) 18... Nxf3+ 19. Rxf3 Bxb2 20. Raf1
f6 {Schwarz ist gezwungen die Qualität zu opfern, weil er sonst eine sehr
schlechte Stellung bekommen würde.} (20... Bg7 21. g5 $1 {Der Anziehende hat
einen sehr starken Königsangriff. Die Drohung Lg7 nebst f6 ist ohne
Materialverluste. kaum zu neutralisieren.}) (20... Re8 21. fxg6 fxg6 (21...
hxg6 22. Rxf7 Bf6 23. R1xf6 $1 exf6 24. Rg7+ Kh8 25. Rxg6 $18) 22. Rf8+ Rxf8
23. Rxf8+ Qxf8 24. Bxf8 Kxf8 25. Qxh7 $16) 21. fxg6 hxg6 22. Bxf8 Qxf8 23. g5
$1 $14 Bd4+ 24. Kh1 Kg7 25. Qh6+ Kf7 26. Qxf8+ Kxf8 27. gxf6 exf6 (27... exf6
28. Rxf6+ Bxf6 29. Rxf6+ Ke7 30. Rxg6 b3 $1 31. cxb3 Rxb3 $13) 1/2-1/2